Nursing education: planning and delivering the curriculum (Record no. 32213)

MARC details
000 -LEADER
fixed length control field 00762nam a2200205 a 4500
008 - FIXED-LENGTH DATA ELEMENTS--GENERAL INFORMATION
fixed length control field 130731s2012 ||||||||||||||||| || u
020 ## - INTERNATIONAL STANDARD BOOK NUMBER
International Standard Book Number 9780857027443
050 ## - LIBRARY OF CONGRESS CALL NUMBER
Classification number RT 71 Boo
100 ## - MAIN ENTRY--PERSONAL NAME
Personal name Boore, Jennifer
245 10 - TITLE STATEMENT
Title Nursing education: planning and delivering the curriculum
Statement of responsibility, etc. by Jennifer Boore and Pat Deeny
260 ## - PUBLICATION, DISTRIBUTION, ETC.
Place of publication, distribution, etc. London:
Name of publisher, distributor, etc. SAGE Publications
Date of publication, distribution, etc. 2012
300 ## - PHYSICAL DESCRIPTION
Extent xviii, 340p.: ill.
500 ## - GENERAL NOTE
General note REFERENCES
650 ## - SUBJECT ADDED ENTRY--TOPICAL TERM
Topical term or geographic name entry element CURRICULUM
650 ## - SUBJECT ADDED ENTRY--TOPICAL TERM
Topical term or geographic name entry element NURSING--STUDY AND TEACHING
650 ## - SUBJECT ADDED ENTRY--TOPICAL TERM
Topical term or geographic name entry element EDUCATION, NURSING
650 #0 - SUBJECT ADDED ENTRY--TOPICAL TERM
Topical term or geographic name entry element CURRICULUM PLANNING
700 ## - ADDED ENTRY--PERSONAL NAME
Personal name Deeny, Pat
995 ## -
-- MEDICAL LIBRARY OPEN ACCESS
-- 902113
-- CBU-SCHOOL OF MEDICINE LIBRARY (Ndola)
-- RT 71 Boo
-- 1
-- AVAILABLE
-- Aug 19, 2013
-- 902113
-- Medical Library Open Access Collection
999 ## -
-- 32213
-- 32213
Holdings
Withdrawn status Lost status Source of classification or shelving scheme Damaged status Not for loan Permanent Location Current Location Shelving location Date acquired Total Checkouts Full call number Barcode Date last seen Price effective from Koha item type
          CBU-SCHOOL OF MEDICINE LIBRARY, NDOLA. CBU-SCHOOL OF MEDICINE LIBRARY, NDOLA.   11/30/2022   RT 71 Boo 902113 11/30/2022 11/30/2022 MONOGRAPH